[Event "Catalunya-ch (Women) 73rd"]
[Site "Platja d'Aro"]
[Date "2015.04.03"]
[Round "1"]
[White "Riera Morilla, Elizabeth"]
[Black "Martin Dinares, Laura"]
[Result "1-0"]
[WhiteElo "2173"]
[BlackElo "1883"]
[PlyCount "49"]
[EventDate "2015.04.03"]
[EventType "swiss"]
[EventRounds "5"]
[EventCountry "CAT"]
[SourceTitle "CBM 165 Extra"]
[Source "ChessBase"]
[SourceDate "2015.04.21"]
[SourceVersion "1"]
[SourceVersionDate "2015.04.21"]
[SourceQuality "1"]

1. e4 e5 2. Bc4 Bc5 3. Nf3 Nc6 4. c3 d6 5. 0-0 Nge7 6. Ng5 0-0 7. Qh5 h6 8. Nxf7 Rxf7 9. Qxf7+ Kh7 10. b4 Bb6 11. d3 Ng6 12. Be3 Nh8 13. Qh5 Qe7 14. Nd2 Nd8 15. Bxb6 axb6 16. f4 g6 17. Qf3 Ne6 18. f5 Ng5 19. Qe3 gxf5 20. exf5 Qf6 21. Ne4 Nxe4 22. dxe4 Nf7 23. Qg3 Ng5 24. h4 Nxe4 25. Qg8# 1-0

[Event "Catalunya-ch (Women) 72nd"]
[Site "Barcelona"]
[Date "2014.04.20"]
[Round "5"]
[White "Martin Dinares, Laura"]
[Black "Cardo Llagostera, Joana Llum"]
[Result "0-1"]
[WhiteElo "1821"]
[BlackElo "1883"]
[PlyCount "98"]
[EventDate "2014.04.18"]
[EventType "swiss"]
[EventRounds "6"]
[EventCountry "ESP"]
[SourceTitle "EXT 2016"]
[Source "ChessBase"]
[SourceDate "2015.10.08"]
[SourceVersion "1"]
[SourceVersionDate "2015.10.08"]
[SourceQuality "1"]

1. e4 c5 2. Nc3 d6 3. g3 e6 4. Bg2 Nc6 5. d3 g6 6. f4 Bg7 7. Nf3 Nge7 8. 0-0 a6 9. a4 Rb8 10. Qe2 0-0 11. Nd1 b5 12. e5 dxe5 13. Nxe5 Nxe5 14. fxe5 Bb7 15. Bxb7 Rxb7 16. Bg5 Qd4+ 17. Qe3 Qxe5 18. axb5 axb5 19. Qxe5 Bxe5 20. c3 Nc6 21. Ne3 b4 22. cxb4 Bxb2 23. Rab1 Rxb4 24. Nc4 Bd4+ 25. Kg2 Rfb8 26. Rbd1 Ne5 27. Nxe5 Bxe5 28. Rc1 Rc8 29. Be3 Bd4 30. Bxd4 Rxd4 31. Rf3 Rd5 32. Kf2 Rd4 33. Ke3 e5 34. Rc4 Rxc4 35. dxc4 f5 36. Rf2 Rd8 37. Rc2 Kf7 38. h3 g5 39. Rc1 Ke6 40. Rc2 f4+ 41. gxf4 gxf4+ 42. Ke2 e4 43. Rc3 Ke5 44. Rc1 Rd3 45. h4 f3+ 46. Kf2 Kf4 47. h5 e3+ 48. Kf1 e2+ 49. Ke1 Ke3 0-1

[Event "Catalunya-ch (Women) 71st"]
[Site "Tarragona"]
[Date "2013.03.29"]
[Round "1"]
[White "Martin Dinares, Laura"]
[Black "Marin Benito, Carla"]
[Result "0-1"]
[WhiteElo "1565"]
[BlackElo "1895"]
[PlyCount "62"]
[EventDate "2013.03.29"]
[EventType "swiss"]
[EventRounds "5"]
[EventCountry "ESP"]
[SourceTitle "EXT 2015"]
[Source "ChessBase"]
[SourceDate "2014.11.20"]
[SourceVersion "1"]
[SourceVersionDate "2014.11.20"]
[SourceQuality "1"]

1. e4 e5 2. Nc3 Nf6 3. g3 d5 4. Bg2 Be6 5. d3 Bb4 6. Bd2 0-0 7. Nf3 Nc6 8. 0-0 dxe4 9. dxe4 Bg4 10. a3 Bxc3 11. Bxc3 Qxd1 12. Raxd1 Nxe4 13. Rd3 Nxc3 14. Rxc3 Rac8 15. h3 Bf5 16. Re1 f6 17. Nd2 Nd8 18. Ne4 Ne6 19. Rd1 Rfd8 20. Rcd3 Rxd3 21. Rxd3 Rd8 22. Rxd8+ Nxd8 23. c3 Kf7 24. g4 Bxe4 25. Bxe4 h6 26. h4 b6 27. b4 Ke6 28. c4 Kd6 29. Kg2 Nc6 30. Bxc6 Kxc6 31. Kf3 b5 0-1

[Event "Catalunya-ch (Women) 70th"]
[Site "Lleida"]
[Date "2012.12.??"]
[Round "6"]
[White "Martin Dinares, Laura"]
[Black "Marin Benito, Carla"]
[Result "0-1"]
[WhiteElo "1590"]
[BlackElo "1878"]
[PlyCount "54"]
[EventDate "2012.12.06"]
[EventType "swiss"]
[EventRounds "6"]
[EventCountry "ESP"]
[SourceTitle "EXT 2017"]
[Source "ChessBase"]
[SourceDate "2016.10.25"]
[SourceVersion "1"]
[SourceVersionDate "2016.10.25"]
[SourceQuality "1"]

1. e4 e5 2. Nc3 Nf6 3. g3 d5 4. d3 Bb4 5. Bd2 0-0 6. Bg2 Be6 7. Nge2 c6 8. 0-0 Na6 9. a3 Bd6 10. b4 Nc7 11. f4 dxe4 12. Nxe4 Nxe4 13. dxe4 Bc4 14. f5 Be7 15. Rf2 Bg5 16. Bxg5 Qxg5 17. Qd6 Nb5 18. Qxe5 Rad8 19. a4 Bxe2 20. Rxe2 Nd4 21. Rf2 Qe3 22. Qc5 a5 23. Qc4 axb4 24. Qd3 Nf3+ 25. Bxf3 Rxd3 26. Kg2 Rd2 27. Rxd2 Qxd2+ 0-1